LEADER 00897nam0-22003251i-450- 001 990003021350403321 035 $a000302135 035 $aFED01000302135 035 $a(Aleph)000302135FED01 035 $a000302135 100 $a20000920d1951----km-y0itay50------ba 101 0 $aeng 102 $aIT 200 1 $aBusiness Cycles and National Income$fAlvin H. Hansen 210 $aNew York$cW. W. Norton$d1951 215 $axv, 639 p.$cill.$d21 cm 610 0 $aCicli economici$aStati Uniti 610 0 $aReddito nazionale 676 $aF/1.221 676 $aF/2.1 676 $aF/5 700 1$aHansen,$bAlvin H.$f<1887-1975>$0260369 801 0$aIT$bUNINA$gRICA$2UNIMARC 901 $aBK 912 $a990003021350403321 952 $aF/5 HAN$b030129$fSES 952 $aF/5 HAN/1$b019689$fSES 959 $aSES 996 $aBusiness Cycles and National Income$9438465 997 $aUNINA LEADER 01529nam 2200409 n 450 001 996385790703316 005 20221108084437.0 035 $a(CKB)1000000000609121 035 $a(EEBO)2264171554 035 $a(UnM)99839366 035 $a(EXLCZ)991000000000609121 100 $a19901210d1613 uy | 101 0 $aeng 135 $aurbn||||a|bb| 200 14$aThe burthen of a loaden conscience: or The miserie of sinne$b[electronic resource] $eset forth by the confession of a miserable sinner 205 $aThe fift impression. 210 $a[Cambridge] $cPrinted by Cantrell Legge printer to the Vniuersitie of Cambridge. 1613. And are to be sold [in London] by Matthevv Lavv in Pauls churchyard at the signe of the Foxe$d1613 215 $a[6], 98 p 300 $aDedication signed: Richard Kilby. 300 $aBookseller's location from STC. 300 $aTitle page has printer's device (McK. 264); coat of arms facing t.p. 300 $aIdentified as STC 14951a on film. 300 $aReproduction of the original in the Cambridge University Library. 330 $aeebo-0160 606 $aConscience$vEarly works to 1800 606 $aSin$vEarly works to 1800 615 0$aConscience 615 0$aSin 700 $aKilby$b Richard$fd. 1617.$01006882 801 0$bCu-RivES 801 1$bCu-RivES 801 2$bCStRLIN 801 2$bWaOLN 906 $aBOOK 912 $a996385790703316 996 $aThe burthen of a loaden conscience: or The miserie of sinne$92321206 997 $aUNISA